000 00647nam a2200205 a 4500
005 20140310183543.0
008 110928s19uu xx 00 eng d
020 _a139781601630414
050 _aHF 5415
_b.G66 2009
100 _aGoodman, Linda
245 _aWhy customers really buy :
_buncovering the emotional triggers that drive sales. /
_cLinda Goodman.
260 _aFranklin Lakes, NJ :
_bCareer Press,
_c2009.
300 _a256 p. :
_bill. ;
_c18 cm.
500 _aIncludes index.
650 _aConsumer behavior.
650 _aMarketing
_xPsychology aspects.
700 _aHelin, Michelle
942 _cBK
_2lcc
_kFOR
999 _c24835
_d24835